00461 2200169 4500245005600000020002200056250001100078100002000089700001700109650002100126005001900147260007300166041001400239084001600253300001300269336000900282 aKisah Putroe Phang dari Acehcsyamsiah ismailhText a978-602-6477-40-8 acet. 1 asyamsiah ismail aarya perkasa aCerita Bergambar a20240926093858 aJakartabKementrian Pendidikan, Keudayaan, Rset, dan Teknologic2017 aIndonesia a741.5 SYA k a49 hlm : atext